Gabon or Peru? - Statistics

General Stats
  • This quiz has been taken 1,182 times
    991 since last reset
  • The average score is 10 of 15
Answer Stats
Question Answer % Correct
Its most-used language is Spanish Peru
100%
Its capital is on the Atlantic coast Gabon
93%
It gained independence first Peru
91%
It has more than 10x the population of the other Peru
91%
Its flag has horizontal stripes Gabon
85%
It shares a currency with neighbouring countries Gabon
83%
Its exports are dominated by petroleum Gabon
78%
It has had a citizen serve as UN Secretary General Peru
76%
Its official name in English is "Republic of __________" Peru
67%
It does not touch the equator Peru
67%
It is in the southern half of its continent (South America vs. Africa) Gabon
50%
It has a higher population density Peru
48%
It has more forest coverage (% of area) Gabon
46%
Its capital city is closer to Tokyo Gabon
35%
It has a higher GDP per capita Gabon
11%
No matching quizzes found
Score Distribution
Percent of People with Each Score
Percentile by Number Answered
Your Score History
You have not taken this quiz since the last reset